Kvalita napätia v sieti priemyselného podniku

Saved in:
Bibliographic Details
Main Author: Chudá, Martina (Author)
Other Authors: Beláň, Anton (Thesis advisor)
Format: Manuscript Book
Language:Slovak
Published: 2019
Subjects:
Online Access:http://is.stuba.sk/zp/portal_zp.pl?podrobnosti=135967
Tags: Add Tag
No Tags, Be the first to tag this record!

MARC

LEADER 00000ntm a22000003a 4500
001 stuzp74224
003 SK-STU
005 20190723100714.0
007 ta
008 150427s2015----xo-----f-mn---000-0-slo-d
040 |a STU  |b slo 
041 0 |a slo 
044 |a xo 
100 1 |a Chudá, Martina  |u 032000  |4 aut  |U FEI Fakulta elektrotechniky a informatiky  |T FEI Ústav elektroenergetiky a aplikovanej elektrotechniky  |X 86942  |U E020  |Y 548  |7 86942 
242 0 1 |a Power Quality in Industrial Power System  |y eng 
245 1 0 |a Kvalita napätia v sieti priemyselného podniku 
260 |c 2019 
300 |a 60 s.,  |b CD-ROM 
650 4 |a kvalita elektrickej energie  |2 slo 
650 4 |a kvalita napätia  |2 slo 
650 4 |a celkové harmonické skreslenie  |2 slo 
650 4 |a quality of electrical energy  |2 eng 
650 4 |a power quality  |2 eng 
650 4 |a total harmonic distortion  |2 eng 
700 1 |a Beláň, Anton  |u 032000  |k Z1  |4 ths  |U FEI Fakulta elektrotechniky a informatiky  |T FEI Ústav elektroenergetiky a aplikovanej elektrotechniky  |X 2032  |U E020  |Y 548  |7 A000002032 
856 4 |u http://is.stuba.sk/zp/portal_zp.pl?podrobnosti=135967 
996 |b 284ER02947  |c E*Bc- 2947  |l EE32  |s P  |a 0  |w stuzp74224_0001